Premier League Managers 2025/2026 - Statistics

General Stats
  • This quiz has been taken 3,216 times
    492 since last reset
  • The average score is 14 of 20
Answer Stats
Team Since Manager % Correct
Arsenal 2019 Mikel Arteta
99%
Manchester City 2016 Pep Guardiola
94%
Aston Villa 2022 Unai Emery
94%
Liverpool 2024 Arne Slot
93%
Manchester United 2024 Ruben Amorim
90%
Chelsea 2024 Enzo Maresca
85%
Tottenham Hotspur 2025 Thomas Frank
85%
Newcastle United 2021 Eddie Howe
83%
Nottingham Forest 2023 Nuno Espírito Santo
79%
Everton 2025 David Moyes
78%
Crystal Palace 2024 Oliver Glasner
72%
Bournemouth 2023 Andoni Iraola
70%
Leeds United 2023 Daniel Farke
64%
West Ham United 2025 Graham Potter
62%
Fulham 2021 Marco Silva
61%
Brighton & Hove Albion 2024 Fabian Hürzeler
54%
Burnley 2024 Scott Parker
54%
Sunderland 2024 Régis Le Bris
44%
Brentford 2025 Keith Andrews
42%
Wolverhampton Wanderers 2024 Vítor Pereira
35%
No matching quizzes found
Score Distribution
Percent of People with Each Score
Percentile by Number Answered
Your Score History
You have not taken this quiz since the last reset